| 000 -LEADER |
| fixed length control field |
00597nam a22002177a 4500 |
| 005 - DATE AND TIME OF LATEST TRANSACTION |
| control field |
20210419082027.0 |
| 008 - FIXED-LENGTH DATA ELEMENTS--GENERAL INFORMATION |
| fixed length control field |
210302s1992 ||||| |||| 00| 0 eng d |
| 020 ## - INTERNATIONAL STANDARD BOOK NUMBER |
| International Standard Book Number |
0887306012 (pbk) |
| 040 ## - CATALOGING SOURCE |
| Original cataloging agency |
eng |
| Transcribing agency |
DLC |
| 041 ## - LANGUAGE CODE |
| Language code of text/sound track or separate title |
eng |
| 080 ## - UNIVERSAL DECIMAL CLASSIFICATION NUMBER |
| Universal Decimal Classification number |
005 |
| Item number |
D-83 |
| 100 ## - MAIN ENTRY--PERSONAL NAME |
| 9 (RLIN) |
3 |
| Personal name |
Drucker, F. Peter |
| 245 ## - TITLE STATEMENT |
| Title |
Managing the Non-Profit Organization |
| Remainder of title |
: Practices and Principles |
| Statement of responsibility, etc. |
/ by: Harper Business |
| 250 ## - EDITION STATEMENT |
| Edition statement |
1st edition |
| 260 ## - PUBLICATION, DISTRIBUTION, ETC. |
| Place of publication, distribution, etc. |
New York |
| Name of publisher, distributor, etc. |
Harper Business |
| Date of publication, distribution, etc. |
1992 |
| 300 ## - PHYSICAL DESCRIPTION |
| Extent |
235 p. |
| 365 ## - TRADE PRICE |
| Price amount |
16 usd |
| 650 #0 - SUBJECT ADDED ENTRY--TOPICAL TERM |
| 9 (RLIN) |
324 |
| Topical term or geographic name entry element |
Management |
| 653 ## - INDEX TERM--UNCONTROLLED |
| Uncontrolled term |
მართვა |
| 942 ## - ADDED ENTRY ELEMENTS (KOHA) |
| Source of classification or shelving scheme |
|
| Koha item type |
Books |
| Edition |
1 |